| 000 | 01650nam a2200361 i 4500 | ||
|---|---|---|---|
| 003 | DO-SdBPM | ||
| 005 | 20260511113406.0 | ||
| 007 | ta | ||
| 008 | 211019b2021 dr a|||| |||| 00| 0 spa d | ||
| 020 | _a9789945169607 | ||
| 040 |
_aDO-SdBPM _bspa _cBPMSU _erda _d |
||
| 041 | _aspa | ||
| 082 | 0 | 4 |
_aRD868.3 _bP433a 2021 _222 |
| 100 | 1 |
_aPerdomo, Apolinar, _d1882-1918. _eautor _4aut. |
|
| 245 | 1 | 0 |
_aApolinar Perdomo, otros escritos : _b (poesía, prosa, teatro, drama) / _cinvestigación y selección, Eddy Mateo Vásquez ; prólogo, Mateo Morrison. |
| 264 |
_aSanto Domingo, República Dominicana : _bEditora Búho, _c2021 |
||
| 300 |
_a296 páginas : _bilustraciones, retratos ; _c23 cm. |
||
| 336 |
_atexto _btxt _2rdacontent |
||
| 337 |
_asin mediación _bn _2rdamedia |
||
| 338 |
_avolumen _bnc _2rdacarrier |
||
| 500 | _aIncluye datos biográficos del autor editor en la solapa de la contracubierta. | ||
| 504 | _aBibliografía: páginas 293-296 | ||
| 505 | 0 |
_aPrólogo. -- _tPresentación. -- _tPoesía. -- _tTeatro y drama. -- _tLa crítica y la obra de teatro de Apolinar Perdomo. -- _tProsa. -- _tTestimonios y homenajes póstumos. -- _tLa crítica literaria y la obra poética de Apolinar Perdomo. -- _tApéndice. -- _tAnexos. -- |
|
| 590 | _aInventariado, 2026 /VM | ||
| 600 | 1 | 7 |
_aPerdomo, Apolinar, _d882-1918- _xCrítica e interpretación |
| 650 | 7 | _aPoesía dominicana | |
| 650 | 7 | _aTeatro dominicano | |
| 650 | 7 | _aProsa dominicana | |
| 700 | 1 |
_aMateo Vásquez, Eddy, _d1954- _eeditor _4ed. |
|
| 700 | 1 |
_aMorrison, Mateo, _d1947- _eprologuista _4pr. |
|
| 910 | _a VMateo V. Control de calidad BPMSU | ||
| 942 |
_2ddc _cBK |
||
| 999 |
_c15839 _d15839 |
||